| 000 | 00000nam##2200000za#4500 |
| 001 | 9.679837 |
| 003 | CaOODSP |
| 005 | 20200421163625 |
| 007 | ta |
| 008 | 150407|2001||||xxc||||| f|0| 0 fre|d |
| 020 | |a0-660-95307-2 |
| 040 | |aCaOODSP|bfre |
| 043 | |an-cn--- |
| 086 | 1 |aNH15-132/1996F |
| 110 | 2 |aSociété canadienne d'hypothèques et de logement. |
| 245 | 10|aOssature en acier et placage de brique : |bguide des règles de l'art: technologies du bâtiments / |cpar James B. Posey. |
| 260 | |bSociété canadienne d'hypothèques et de logement |c2001. |
| 300 | |a100p. en pagination multiple. : |bill., références ; |c30 cm. + |e1 CD-ROM sous le même titre. |
| 563 | |aAuto-relieur |
| 590 | |a02-42|b2002-10-18 |
| 691 | 07|aAcier|2gcpds |
| 691 | 07|aBâtiment|2gcpds |
| 691 | 07|aIndustrie de la construction|2gcpds |
| 691 | 07|aTechnologie des matériaux|2gcpds |
| 720 | 1 |aPosey, James B. |
| 775 | 08|tBrick veneer steel stud : |w(CaOODSP)9.646272 |